L'evolution du sens des mots depuis le XVIe siecle.

Saved in:
Bibliographic Details
Main Author: Huguet, Edmond, 1863-1948
Format: Book
Language:English
Published: Geneve : Droz, 1967.
Series:Etudes de philologie et d'histoire ; 1
Subjects:
LEADER 00831nam a2200229 i 4500
001 c000251176
003 CARM
005 00000000000000.0
008 840313r19671934sz 0 eng d
019 1 |a 12600862  |z 41554876  |5 LACONCORD2021 
035 |a (OCoLC)1856509  |5 LACONCORD2021 
082 0 4 |a 442 
100 1 |a Huguet, Edmond,  |d 1863-1948. 
245 1 2 |a L'evolution du sens des mots depuis le XVIe siecle. 
260 |a Geneve :  |b Droz,  |c 1967. 
300 |a 346 p. 
440 0 |a Etudes de philologie et d'histoire ;  |v 1 
500 |a Reprint of 1934 ed. 
650 0 |a French language  |x Semantics. 
852 8 |b CARM  |h A2:AQ10A0  |i A04149  |p 0368011  |f BK 
999 f f |i a59e1590-e8d7-5a46-b26f-7bcea984b7eb  |s 35f4eb0f-59b0-55b2-8ebf-05abb4836a95 
952 f f |p Can circulate  |a CAVAL  |b CAVAL  |c CAVAL  |d CARM 1 Store  |e A04149  |f A2:AQ10A0  |h Other scheme  |i book  |m 0368011